00286nam a22001097a 4500020002000000082001200020100002400032245004000056260005600096300000800152650001600160 a978-0-8028-2792 a232 GRE aGreene, Colin J. D. aChristology in cultural perspective aMichigan, USAbWm. B. Eerdmans Publishing Co.c2004 a431 aChristology